Strategic Management Essentials : (Record no. 15159)
[ view plain ]
| 000 -LEADER | |
|---|---|
| fixed length control field | 00715nam a22002177a 4500 |
| 003 - CONTROL NUMBER IDENTIFIER | |
| control field | URS |
| 005 - DATE AND TIME OF LATEST TRANSACTION | |
| control field | 20220114171921.0 |
| 008 - FIXED-LENGTH DATA ELEMENTS--GENERAL INFORMATION | |
| fixed length control field | 180315b xxu||||| |||| 00| 0 eng d |
| 020 ## - INTERNATIONAL STANDARD BOOK NUMBER | |
| International Standard Book Number | 9781111525200 |
| 050 14 - LIBRARY OF CONGRESS CALL NUMBER | |
| Classification number | HD 30.28 |
| Item number | J77 2012 |
| 100 1# - MAIN ENTRY--PERSONAL NAME | |
| Personal name | Jones, Gareth, |
| Dates associated with a name | 2012- |
| Relator term | author |
| 245 10 - TITLE STATEMENT | |
| Title | Strategic Management Essentials : |
| Statement of responsibility, etc. | Gareth R. Jones |
| 264 14 - PRODUCTION, PUBLICATION, DISTRIBUTION, MANUFACTURE, AND COPYRIGHT NOTICE | |
| Place of production, publication, distribution, manufacture | China: |
| Name of producer, publisher, distributor, manufacturer | South-Western Cengage Learning, |
| Date of production, publication, distribution, manufacture, or copyright notice | ©2012. |
| 300 ## - PHYSICAL DESCRIPTION | |
| Extent | xv, 259 pages : |
| Other physical details | 25 cm |
| Dimensions | illustration ; |
| 336 ## - CONTENT TYPE | |
| Source | rdacontent |
| Content type term | text |
| 336 ## - CONTENT TYPE | |
| Source | rdacontent |
| Content type term | still image |
| 337 ## - MEDIA TYPE | |
| Source | rdamedia |
| Media type term | unmediated |
| 338 ## - CARRIER TYPE | |
| Source | rdacarrier |
| Carrier type term | volume |
| 524 ## - PREFERRED CITATION OF DESCRIBED MATERIALS NOTE | |
| Preferred citation of described materials note | Jones, G. R. (2012). Strategic Management Essentials. China: Cengage Learning. |
| 942 ## - ADDED ENTRY ELEMENTS (KOHA) | |
| Source of classification or shelving scheme | Library of Congress Classification |
| Koha item type | Foreign Books |
| Withdrawn status | Source of classification or shelving scheme | Damaged status | Not for loan | Collection code | Home library | Current library | Shelving location | Date acquired | Total Checkouts | Full call number | Barcode | Date last seen | Price effective from | Koha item type |
|---|---|---|---|---|---|---|---|---|---|---|---|---|---|---|
| Library of Congress Classification | Non-fiction | Binangonan College Library | Binangonan College Library | Foreign Section | 06/07/2023 | HD 30.28 J77 2012 | URSBIN-01229 | 05/15/2018 | 05/15/2018 | Foreign Books |